20 Northernmost English Cities - Statistics

General Stats
  • This quiz has been taken 23,780 times
    23,748 since last reset
  • The average score is 11 of 20
Answer Stats
Latitude City % Correct
53.47 °N Manchester
94%
53.40 °N Liverpool
92%
54.97 °N Newcastle upon Tyne
90%
53.80 °N Leeds
87%
53.96 °N York
79%
53.38 °N Sheffield
72%
53.74 °N Kingston upon Hull
61%
54.91 °N Sunderland
60%
52.95 °N Nottingham
58%
54.89 °N Carlisle
53%
54.78 °N Durham
50%
53.79 °N Bradford
47%
53.19 °N Chester
40%
54.05 °N Lancaster
40%
53.76 °N Preston
38%
53.00 °N Stoke-on-Trent
36%
53.23 °N Lincoln
34%
53.51 °N Salford
20%
53.68 °N Wakefield
19%
54.14 °N Ripon
17%
No matching quizzes found
Score Distribution
Percent of People with Each Score
Percentile by Number Answered
Your Score History
You have not taken this quiz since the last reset